Profesores 4GB - Estadísticas

Estadísticas generales
  • Esta prueba ha sido intentada 16 veces
  • La puntuación promedio es 11 de 13
Estadísticas de respuestas
Hint Respuesta % Correcto
Gestión Juli
100%
Gestión Carla
89%
Gestión Fede
89%
Tronco Fer
89%
Tronco Hugo
89%
Gestión Marian
89%
Gestión Mica
89%
Tronco Naveiro
89%
Tronco Tati
89%
Tronco Tani
78%
Tronco Uri
78%
Tronco Betti
67%
Tronco Seba
56%
No se encontraron pruebas coincidentes
Distribución de puntuación
Porcentaje de gente con cada puntuación
Porcentaje por número respondido
Historial de tus puntuaciones
No has intentado esta prueba.